000 00390cam a22001097a 4500
008 180718b xxu||||| |||| 00| 0 eng d
082 _aT19 Ec74/HIMA/2006-07
245 _aEconomic Statistics. Himachal Pradesh
_cby Department of Economics and Statistics
260 _aSimla
_bGovernment of Himachal Pradesh
_c
300 _av.p.
700 _aHimachal Pradesh. Department of Economics and Statistics
999 _c497037
_d497037